000 01589nam a2200325 i 4500
001 000046174
003 DO-SdBNP
005 20251009114838.0
007 ta
008 150701s2000 dr 000 0 spa d
040 _aDO-SdBNP
_bspa
_cBNPHU
_erda
041 _aspa
082 4 _a344.0328292
_bR426L, 2000
_222
110 2 _aRepública Dominicana.
_b[Leyes, etc.]
_911088
245 1 0 _aLey 24-97 sobre violencia intrafamiliar /
_cpresentación Yadira Henríquez de Sánchez Baret.
250 _aCuarta edición
264 _aSanto Domingo :
_bSecretaría de Estado de la Mujer,
_c2000.
300 _a51 páginas :
_c21 cm.
336 _atexto
_btxt
_2rdacontent
337 _asin mediación
_bn
_2rdamedia
338 _avolumen
_bnc
_2rdacarrier
505 0 _aLas agresiones sexuales --
_tOtras agresiones sexuales --
_tAtentados contra la personalidad y la dignidad de la persona --
_tDe los atentados a niños, niñas y adolescentes. Atentados a la filiación --
_tAbandono y maltrato de niños, niños y adolescentes --
_tSecuestro, traslado, ocultamiento de niños, niñas y adolescentes --
_tAtentados al ejercicio de la autoridad del padre y la madre --
_tAbandono de familia.
590 _aInventariado, 2023/MFF
650 4 _aViolencia contra la mujer
_xLegislación
_zRepública Dominicana
_956156
650 4 _aViolencia familiar
_xLegislación
_zRepública Dominicana
_956157
651 4 _aRepública Dominicana
_xLey 24-97
_916572
700 1 _aSánchez Baret, Yadira Henríquez de,
_epresentadora
_974218
_4pr.
910 _aValidado. Control de calidad MFF
942 _2ddc
_cLBS1
999 _c45663
_d45663